000 00731nam a22002297a 4500
005 20250725102715.0
008 250725b |||||||| |||| 00| 0 eng d
020 _a978-984-34-9438-2 (hbk)
037 _cTB
040 _aCRL
_cCRL
041 _2PER
_aPER
084 _aO164,1M85x R0
_bCRL
100 _aSarkar, Mohammad Abul Kalam
_9816415
245 _aDeewan-e-Ubaidi
260 _aDhaka, Bangladesh:
_bDanisghah Dakha,
_c2020.
300 _a454+58p.
365 _b800.00
_cINR
650 _aPersian Literature
650 _aPersian Poetry
942 _2CC
_cTB
_hO164,1M85x R0
_n0
999 _c1434267
_d1434267